|
|
|
|
| LEADER |
00871nam a2200229 a 4500 |
| 001 |
3426488 |
| 008 |
090505r19871985 enka b 001 0 eng d |
| 010 |
|
|
|a \\\90226146
|
| 020 |
|
|
|a 0433348208
|
| 020 |
|
|
|a 0433000961
|
| 040 |
|
|
|a DLC
|c DLC
|d DLC
|d BD-DhAAL
|
| 082 |
0 |
0 |
|a 610.73/61
|2 20
|
| 100 |
1 |
|
|a Walsh, Mike,
|c SRN.
|
| 245 |
1 |
0 |
|a Accident & emergency nursing :
|b a new approach /
|c Mike Walsh
|
| 260 |
|
|
|a Oxford :
|b Heinemann Nursing,
|c 1985 [reprinted 1987].
|
| 300 |
|
|
|a 306 p. :
|b ill. ;
|c 22 cm.
|
| 504 |
|
|
|a Includes bibliographical references and index.
|
| 541 |
1 |
|
|e 00003434
|
| 650 |
|
0 |
|a Emergency nursing.
|
| 852 |
4 |
|
|a Ayesha Abed Library
|j General Shelf.
|
| 999 |
|
|
|c 8651
|d 8651
|
| 952 |
|
|
|0 0
|1 0
|2 ddc
|4 0
|6 610_736100000000000_WAL_1987
|7 0
|9 10351
|a BRACUL
|b BRACUL
|c GEN
|d 2010-05-19
|g 0.00
|l 0
|o 610.7361 WAL
|p 3010003434
|r 2010-05-19
|t 1
|w 2010-05-19
|y BK
|z Not price in Register
|